Business-to-business marketing : Relationships, systems and communications

Đã lưu trong:
Bibliografiske detaljer
Hovedforfatter: Fill, Chris
Format: Bog
Sprog:Undetermined
Udgivet: New York Prentice Hall 2005
Fag:
Tags: Tilføj Tag
Ingen Tags, Vær først til at tagge denne postø!
Thư viện lưu trữ: Trung tâm Học liệu Trường Đại học Cần Thơ
LEADER 00604nam a2200205Ia 4500
001 CTU_88910
008 210402s9999 xx 000 0 und d
020 |c 672000 
082 |a 658.804 
082 |b F484 
100 |a Fill, Chris 
245 0 |a Business-to-business marketing : 
245 0 |b Relationships, systems and communications 
245 0 |c Chris Fill, Karen E. Fill 
260 |a New York 
260 |b Prentice Hall 
260 |c 2005 
650 |a Communication in marketing,Marketing channels,Sales promotion 
904 |i Truc 
980 |a Trung tâm Học liệu Trường Đại học Cần Thơ